ប្រវត្តិដូនពេញ : (Record no. 8700)
[ view plain ]
| 000 -LEADER | |
|---|---|
| fixed length control field | 01944nam a22003137a 4500 |
| 001 - CONTROL NUMBER | |
| control field | 8700 |
| 003 - CONTROL NUMBER IDENTIFIER | |
| control field | FISKH |
| 005 - DATE AND TIME OF LATEST TRANSACTION | |
| control field | 20251013094224.0 |
| 008 - FIXED-LENGTH DATA ELEMENTS--GENERAL INFORMATION | |
| fixed length control field | 251013b cb ||||| |||| 00| 0 eng d |
| 020 ## - INTERNATIONAL STANDARD BOOK NUMBER | |
| International Standard Book Number | 9789996301988 |
| 040 ## - CATALOGING SOURCE | |
| Original cataloging agency | FISKH |
| Language of cataloging | khr |
| Transcribing agency | FISKH |
| Modifying agency | FISKH |
| 050 ## - LIBRARY OF CONGRESS CALL NUMBER | |
| Classification number | PZ7 |
| 082 ## - DEWEY DECIMAL CLASSIFICATION NUMBER | |
| Classification number | 920.0596 |
| 100 ## - MAIN ENTRY--PERSONAL NAME | |
| Personal name | Sotheary, Kimsun |
| 245 ## - TITLE STATEMENT | |
| Title | ប្រវត្តិដូនពេញ : |
| Remainder of title | History of lady Penh / |
| Statement of responsibility, etc. | អ្នកស្រី គឹមស៊ុន សុធារី, លោក ធី ចាន់ថន និងកញ្ញា វ៉ាត ចរិយា |
| 260 ## - PUBLICATION, DISTRIBUTION, ETC. | |
| Place of publication, distribution, etc. | Phnom Penh : |
| Name of publisher, distributor, etc. | Reading Books , |
| Date of publication, distribution, etc. | 2013. |
| 300 ## - PHYSICAL DESCRIPTION | |
| Extent | 24 pages : |
| Other physical details | color illustrations ; |
| Dimensions | 25 cm . |
| 490 ## - SERIES STATEMENT | |
| Series statement | ពិភពរឿងនិទាន |
| 505 ## - FORMATTED CONTENTS NOTE | |
| Formatted contents note | R <br/> |
| 520 ## - SUMMARY, ETC. | |
| Summary, etc. | នៅឆ្នាំ ១៣៧២ គ.ស. ដូនពេញ បានរកឃើញរូបព្រះពុទ្ធប្រាំអង្គ នៅក្នុងលំដាប់ឈើមួយ។ បន្ទាប់មក អ្នកបានហៅអ្នកជិតខាងមកជួយគ្នាបូមភ្នំនិងសង់សារមន្ទីរមួយ ដើម្បីដាក់រូបព្រះពុទ្ធទាំងនោះ។ ភ្នំនោះត្រូវបានដាក់ឈ្មោះតាមឈ្មោះរបស់ដូន គឺ “ភ្នំពេញ”។ |
| 520 ## - SUMMARY, ETC. | |
| Summary, etc. | In 1372 AD, Granny Penh found five Buddha statues in the tree trunk; then she gathered her neigbors to mound the hill and built the shrine to place the statues there. That hill was named after her which was call Phnom Penh (Penh mountain) .<br/> |
| 521 8# - TARGET AUDIENCE NOTE | |
| Target audience note | 700 <br/> |
| Source | Lexile estimate <br/> |
| 521 8# - TARGET AUDIENCE NOTE | |
| Target audience note | R <br/> |
| Source | Raz-Plus <br/> |
| 650 ## - SUBJECT ADDED ENTRY--TOPICAL TERM | |
| Topical term or geographic name entry element | ប្រវត្តិដូនពេញ |
| 650 ## - SUBJECT ADDED ENTRY--TOPICAL TERM | |
| Topical term or geographic name entry element | History of lady Penh / |
| 700 ## - ADDED ENTRY--PERSONAL NAME | |
| Personal name | Vichit, Prom |
| Relator term | Illustrator |
| 942 ## - ADDED ENTRY ELEMENTS (KOHA) | |
| Source of classification or shelving scheme | Dewey Decimal Classification |
| Koha item type | Khmer Books |
| Suppress in OPAC | No |
| Withdrawn status | Lost status | Source of classification or shelving scheme | Damaged status | Not for loan | Collection | Home library | Current library | Shelving location | Date acquired | Total Checkouts | Full call number | Barcode | Date last seen | Copy number | Price effective from | Koha item type | Date due | Date last checked out |
|---|---|---|---|---|---|---|---|---|---|---|---|---|---|---|---|---|---|---|
| Dewey Decimal Classification | Khmer-English Bilingual / ភាសាខ្មែរ-អង់គ្លេស | Footprints International School Library Network Toul Tom Poung Campus | Footprints International School Library Network Toul Tom Poung Campus | TTP Primary Khmer Bookshelves | 10/13/2025 | SOT PZ7 920.0596 | FIS05050 | 10/13/2025 | 1 | 10/13/2025 | Khmer Books | |||||||
| Dewey Decimal Classification | Khmer-English Bilingual / ភាសាខ្មែរ-អង់គ្លេស | Footprints International School Library Network Toul Tom Poung Campus | Footprints International School Library Network Toul Tom Poung Campus | TTP Primary Khmer Bookshelves | 10/13/2025 | 1 | SOT PZ7 920.0596 | FIS04326 | 02/25/2026 | 2 | 10/13/2025 | Khmer Books | 03/11/2026 | 02/25/2026 | ||||
| Dewey Decimal Classification | Khmer-English Bilingual / ភាសាខ្មែរ-អង់គ្លេស | Footprints International School Library Network Toul Tom Poung Campus | Footprints International School Library Network Toul Tom Poung Campus | TTP Primary Khmer Bookshelves | 04/09/2026 | SOT PZ7 920.0596 | FIS04270 | 04/09/2026 | 3 | 04/09/2026 | Khmer Books |
